| 000 | 02173nam a2200493 i 4500 | ||
|---|---|---|---|
| 001 | 39434 | ||
| 003 | FINmELB | ||
| 005 | 20241216221648.0 | ||
| 006 | m o u | ||
| 007 | cr cn||||||||| | ||
| 008 | 220125s2013 mx a fob 000 0 spa d | ||
| 020 | _z9786074624298 | ||
| 020 |
_a9786074625905 _q(e-book) |
||
| 035 | _a(OCoLC)995298849 | ||
| 040 |
_aFINmELB _bspa _erda _cFINmELB |
||
| 043 | _an-mx--- | ||
| 050 | 4 |
_aHC135 _b.L356 2013 |
|
| 082 | 0 | 4 |
_a338.9720904 _223 |
| 100 | 1 |
_aLajous, Adrián, _d1920-2002, _eautor. |
|
| 245 | 1 | 0 |
_aDesarrollo, deuda y comercio : _bun testimonio histórico sobre la crisis económica mexicana y el ajuste, 1983-1993 / _cAdrián Lajous Martínez ; selección y prólogos de Alain Ize y Gustavo Vega Cánovas. |
| 250 | _aPrimera edición. | ||
| 264 | 1 |
_aMéxico, D.F. : _bEl Colegio de México, _c2013. |
|
| 300 |
_a1 recurso en línea (365 páginas) : _bilustraciones, tablas |
||
| 336 |
_atexto _btxt _2rdacontent/spa |
||
| 337 |
_acomputadora _bc _2rdamedia/spa |
||
| 338 |
_arecurso en línea _bcr _2rdacarrier/spa |
||
| 504 | _aIncluye referencias bibliográficas. | ||
| 588 | _aDescripción basada en metadatos suministrados por el editor y otras fuentes. | ||
| 590 | _aRecurso electrónico. Santa Fe, Arg.: elibro, 2022. Disponible vía World Wide Web. El acceso puede estar limitado para las bibliotecas afiliadas a elibro. | ||
| 610 | 2 | 4 | _aTratado de Libre Comercio de América del Norte. |
| 650 | 0 |
_aFree trade _zMexico _xHistory _y20th century. |
|
| 650 | 0 |
_aAnti-inflationary policies _zMexico _xHistory _y20th century. |
|
| 650 | 0 |
_aBanks and banking _zMexico _xHistory _y20th century. |
|
| 650 | 4 |
_aPolítica fiscal _zMéxico _xHistoria _ySiglo XX. |
|
| 650 | 4 |
_aPolíticas anti-inflacionarias _zMéxico _xHistoria _ySiglo XX. |
|
| 650 | 4 |
_aBancos _zMéxico _xHistoria _ySiglo XX. |
|
| 651 | 0 |
_aMexico _xEconomic policy _y1970-1994. |
|
| 651 | 4 |
_aMéxico _xPolítica económica. |
|
| 655 | 4 | _aLibros electrónicos. | |
| 700 | 1 |
_aIze, Alain, _ecompilador. |
|
| 700 | 1 |
_aVega Cánovas, Gustavo, _ecompilador. |
|
| 797 | 2 | _aelibro, Corp. | |
| 856 | 4 | 0 | _uhttps://elibro.net/ereader/politecnicointernacional/193668 |
| 999 |
_c39434 _d39434 |
||